from my window.
Gorde:
| Egile nagusia: | |
|---|---|
| Formatua: | Ezezaguna |
| Hizkuntza: | ingelesa |
| Argitaratua: |
Boston,USA
New York Graphic Society
1981
|
| Edizioa: | First edition |
| Gaiak: | |
| Etiketak: |
Etiketa erantsi
Etiketarik gabe, Izan zaitez lehena erregistro honi etiketa jartzen!
|
MARC
| LEADER | 00000 a2200000 4500 | ||
|---|---|---|---|
| 003 | CL-VaPUC | ||
| 005 | 20210825121325.0 | ||
| 008 | 210715b1981 ||||| |||| 00| 0 eng d | ||
| 999 | |c 433314 |d 433312 | ||
| 020 | |a 0-8212-1125-0 | ||
| 040 | |c Pontificia Universidad Católica de Valparaíso | ||
| 082 | |a 779.0924 KER 1981 | ||
| 100 | |a Kertész, André |d 1894-1985 |9 862106 | ||
| 245 | |a from my window. | ||
| 250 | |a First edition | ||
| 260 | |a Boston,USA |b New York Graphic Society |c 1981 | ||
| 300 | |a sin paginación; |b fotos a color | ||
| 583 | |k Cristina Rojas |c 20210715 | ||
| 600 | 0 | |a Kertész, André |9 862106 |d 1894-1985 | |
| 650 | 0 | |a Fotografía artística |9 269391 | |
| 942 | |2 ddc |c BK | ||
| 952 | |0 0 |1 0 |2 ddc |4 0 |6 779_092400000000000_KER_1981 |7 0 |8 R |9 578411 |a BIBART |b BIBART |d 2021-07-15 |e 139 |g 0.00 |i 5586232 |o 779.0924 KER 1981 |p 5586232 |r 2025-03-13 |t 1 |v 0.00 |w 2021-07-15 |y BK_R |k ART | ||